Islamic Education / (Record no. 522601)

000 -LEADER
fixed length control field 00333nam a22001457a 4500
003 - CONTROL NUMBER IDENTIFIER
control field NUST
038 ## - RECORD CONTENT LICENSOR
Staff Name waseem
082 ## - DEWEY DECIMAL CLASSIFICATION NUMBER
Classification number 297.071
Author Mark ISL
100 ## - MAIN ENTRY--PERSONAL NAME
Personal name Bukhari, A.S.
9 (RLIN) 8683
245 ## - TITLE STATEMENT
Title Islamic Education /
Statement of responsibility, etc. A..S. Bukhari
260 ## - PUBLICATION, DISTRIBUTION, ETC.
Place of publication, distribution, etc. Lahore :
Name of publisher, distributor, etc. Aziz Book,
Date of publication, distribution, etc. 2010.
300 ## - PHYSICAL DESCRIPTION
Extent 495 p. ;
500 ## - GENERAL NOTE
General note Paperback.
942 ## - ADDED ENTRY ELEMENTS (KOHA)
Source of classification or shelving scheme
Koha item type Book
Holdings
Withdrawn status Lost status Source of classification or shelving scheme Damaged status Not for loan Collection code Permanent Location Current Location Shelving location Date acquired Source of acquisition Total Checkouts Full call number Barcode Date last seen Price effective from Koha item type
            Central Library (CL) Central Library (CL) First Floor - Islam 12/10/2018 Donation   297.071 ISL CL-D-111 03/09/2026 12/10/2018 Book
© 2023 Central Library, National University of Sciences and Technology. All Rights Reserved.